000 00568nam a2200181Ia 4500
005 20250423100124.0
008 250422s9999 xx 000 0 und d
020 _a9780071402866
050 _aHD 30.28 .R54/
100 _aRigsby, Jeffery A.
245 0 _aMastering strategy: insights from the world’s greatest leaders and thinkers
260 _aNew York
260 _bMacGraw-Hill
260 _c2003
300 _a356 p
650 _a Strategic planning. Business planning. Strategic planning--United States. Business planning--United States.
942 _cBK
999 _c32348
_d32348